[Event "Ankara Campomanes Memorial WIM"]
[Site "Ankara"]
[Date "2010.05.21"]
[Round "10"]
[White "Bensdorp, Laura"]
[Black "Kaya, Emel"]
[Result "1-0"]
[WhiteElo "2119"]
[BlackElo "2006"]
[PlyCount "73"]
[EventDate "2010.05.17"]
[EventType "schev"]
[EventRounds "10"]
[EventCountry "TUR"]
[SourceTitle "CBM 136 Extra"]
[Source "ChessBase"]
[SourceDate "2010.07.02"]
[SourceVersion "2"]
[SourceVersionDate "2010.07.15"]
[SourceQuality "1"]

1. e4 c5 2. Nf3 g6 3. d4 Bg7 4. Nc3 cxd4 5. Nxd4 Nc6 6. Be3 Nf6 7. Bc4 0-0 8. Bb3 d6 9. f3 Bd7 10. Qd2 Nxd4 11. Bxd4 b5 12. h4 h5 13. Nd5 Nxd5 14. Bxg7 Kxg7 15. Bxd5 Rc8 16. g4 e6 17. Bb3 Qf6 18. 0-0-0 Qxf3 19. gxh5 Qxh5 20. Qxd6 Bc6 21. Qd4+ e5 22. Qxa7 Bxe4 23. Rhf1 Qxh4 24. Rxf7+ Rxf7 25. Qxf7+ Kh6 26. Qd7 Qf4+ 27. Kb1 Qf5 28. Qd2+ Qf4 29. Qd7 Qf5 30. Be6 Bxc2+ 31. Ka1 Qf3 32. Qd2+ Kg7 33. Rc1 Rc7 34. Qd6 Ra7 35. Qc5 Ra6 36. Qxe5+ Kh7 37. Bd5 1-0

[Event "Ankara Campomanes Memorial WIM"]
[Site "Ankara"]
[Date "2010.05.20"]
[Round "7"]
[White "Bensdorp, Laura"]
[Black "Soylemez, Cansu"]
[Result "1/2-1/2"]
[WhiteElo "2119"]
[BlackElo "1935"]
[PlyCount "92"]
[EventDate "2010.05.17"]
[EventType "schev"]
[EventRounds "10"]
[EventCountry "TUR"]
[SourceTitle "CBM 136 Extra"]
[Source "ChessBase"]
[SourceDate "2010.07.02"]
[SourceVersion "2"]
[SourceVersionDate "2010.07.15"]
[SourceQuality "1"]

1. e4 c5 2. Nf3 Nc6 3. d4 cxd4 4. Nxd4 Nf6 5. Nc3 e5 6. Ndb5 d6 7. Nd5 Nxd5 8. exd5 Nb8 9. a4 a6 10. Na3 Be7 11. Be2 0-0 12. 0-0 f5 13. Nc4 Nd7 14. f4 Bf6 15. a5 Qc7 16. c3 b5 17. axb6 Nxb6 18. fxe5 Nxc4 19. exf6 Rxf6 20. Qd4 Ne5 21. Bf4 Nd7 22. b4 Qb6 23. Qxb6 Nxb6 24. c4 Bb7 25. Rfd1 Rc8 26. Rac1 Nd7 27. Bf1 a5 28. bxa5 Ra8 29. Re1 Rxa5 30. Re8+ Kf7 31. Rce1 Nc5 32. R1e7+ Kg6 33. Rg8 Rf7 34. Rxf7 Kxf7 35. Rd8 Ke7 36. Rxd6 Ra1 37. Rb6 Ba6 38. Kf2 Ne4+ 39. Ke3 Re1+ 40. Kd4 Rxf1 41. Rxa6 Rxf4 42. Ke5 Rf2 43. Ra7+ Kf8 44. g4 Rc2 45. Rc7 g6 46. gxf5 gxf5 1/2-1/2

[Event "Ankara Campomanes Memorial WIM"]
[Site "Ankara"]
[Date "2010.05.19"]
[Round "6"]
[White "Bensdorp, Laura"]
[Black "Sop, Selen"]
[Result "0-1"]
[WhiteElo "2119"]
[BlackElo "1963"]
[PlyCount "168"]
[EventDate "2010.05.17"]
[EventType "schev"]
[EventRounds "10"]
[EventCountry "TUR"]
[SourceTitle "CBM 136 Extra"]
[Source "ChessBase"]
[SourceDate "2010.07.02"]
[SourceVersion "2"]
[SourceVersionDate "2010.07.15"]
[SourceQuality "1"]

1. e4 c5 2. Nf3 d6 3. d4 cxd4 4. Nxd4 Nf6 5. Nc3 a6 6. Qf3 g6 7. h3 Bg7 8. Be3 Qc7 9. g4 Nc6 10. 0-0-0 Ne5 11. Qg3 Nc4 12. Bxc4 Qxc4 13. f4 b5 14. g5 Nh5 15. Qe1 Bb7 16. Kb1 0-0 17. b3 Qc7 18. Nd5 Bxd5 19. exd5 Rfc8 20. Qf2 Qb7 21. Ne2 Qd7 22. Rd3 a5 23. Bd4 b4 24. Re1 e6 25. Bxg7 Nxg7 26. Ng3 Ra6 27. Ne4 Ne8 28. Qe2 exd5 29. Rxd5 Qc6 30. Qd3 a4 31. Rd4 axb3 32. cxb3 Qb6 33. Re2 Qa5 34. h4 Rac6 35. Rc4 d5 36. Rxc6 Rxc6 37. Nd2 Nd6 38. Qd4 Rc8 39. Nc4 Nxc4 40. bxc4 dxc4 41. Re5 Qa6 42. Qe4 Qa4 43. Qd5 b3 44. Re2 bxa2+ 45. Rxa2 Rb8+ 46. Rb2 Re8 47. Qd2 Qa3 48. Ra2 Qb3+ 49. Rb2 Qg3 50. Rc2 Qg1+ 51. Rc1 Qb6+ 52. Qb2 Qc7 53. Qd4 Rb8+ 54. Kc2 Rd8 55. Qe3 Qd7 56. Ra1 Qf5+ 57. Kb2 Rb8+ 58. Kc1 Qb5 59. Qc3 Qc5 60. Qe5 Qg1+ 61. Kc2 Qb6 62. Qc3 Qf2+ 63. Kc1 Qxf4+ 64. Kc2 Qf2+ 65. Kc1 Qf1+ 66. Kc2 Qf2+ 67. Kc1 Qf5 68. Qe3 Qb5 69. Qc3 Qc5 70. Qe5 Qg1+ 71. Kc2 Qb6 72. Qc3 Qf2+ 73. Kc1 Qf4+ 74. Kc2 Qf2+ 75. Kc1 Qf1+ 76. Kc2 Qf2+ 77. Kc1 Qxh4 78. Qe5 Qh1+ 79. Kd2 Qg2+ 80. Kc1 Qf1+ 81. Kc2 Qd3+ 82. Kc1 Rd8 83. Ra2 Qd1+ 84. Kb2 Qb3+ 0-1

[Event "Ankara Campomanes Memorial WIM"]
[Site "Ankara"]
[Date "2010.05.18"]
[Round "4"]
[White "Arig, Busra"]
[Black "Bensdorp, Laura"]
[Result "0-1"]
[WhiteElo "1778"]
[BlackElo "2119"]
[PlyCount "78"]
[EventDate "2010.05.17"]
[EventType "schev"]
[EventRounds "10"]
[EventCountry "TUR"]
[SourceTitle "CBM 136 Extra"]
[Source "ChessBase"]
[SourceDate "2010.07.02"]
[SourceVersion "2"]
[SourceVersionDate "2010.07.15"]
[SourceQuality "1"]

1. d4 f5 2. Nf3 Nf6 3. Bg5 e6 4. e3 Be7 5. Bd3 0-0 6. 0-0 d6 7. Nbd2 Nc6 8. c3 d5 9. Qc2 h6 10. Bxf6 Bxf6 11. a3 Qd6 12. c4 Ne7 13. cxd5 exd5 14. Rac1 c6 15. Qb3 Kh8 16. Rfe1 g5 17. Qc3 Ng6 18. h3 Bg7 19. b4 g4 20. hxg4 fxg4 21. Bxg6 gxf3 22. Qc2 fxg2 23. Kxg2 Qf6 24. f4 a5 25. b5 c5 26. Nf3 cxd4 27. Nxd4 Qh4 28. Nf3 Qg4+ 29. Kf2 d4 30. Rg1 dxe3+ 31. Ke2 Qxf4 32. Qe4 Qf6 33. a4 Be6 34. Rc7 Rad8 35. Bh5 Bf5 36. Qe7 Bd3+ 37. Kxe3 Qf4+ 38. Kf2 Bf6 39. Qe6 Qxc7 0-1

[Event "EU-ch (Women) 9th"]
[Site "Plovdiv"]
[Date "2008.05.02"]
[Round "11"]
[White "Gara, Anita"]
[Black "Bensdorp, Laura"]
[Result "1-0"]
[WhiteElo "2331"]
[BlackElo "2085"]
[PlyCount "59"]
[EventDate "2008.04.21"]
[EventType "swiss"]
[EventRounds "11"]
[EventCountry "BUL"]
[SourceTitle "CBM 123 Extra"]
[Source "ChessBase"]
[SourceDate "2008.05.06"]
[SourceVersion "1"]
[SourceVersionDate "2008.05.06"]
[SourceQuality "1"]

1. e4 c5 2. b3 d6 3. f4 Nc6 4. Bb5 Bd7 5. Bb2 a6 6. Bxc6 Bxc6 7. Nc3 Nf6 8. Qe2 e6 9. Nf3 Be7 10. d4 cxd4 11. Nxd4 Qb6 12. 0-0-0 0-0-0 13. Nxc6 Qxc6 14. Rd4 Kb8 15. Rhd1 Rc8 16. e5 Ne8 17. Rc4 Qd7 18. exd6 Bxd6 19. Rcd4 Qc7 20. g3 Ba3 21. Bxa3 Qxc3 22. Bb2 Qa5 23. Ra4 Qc5 24. Be5+ Nc7 25. Rc4 Qa3+ 26. Kb1 f6 27. Bd6 Qa5 28. Qxe6 Ka8 29. Bxc7 Rxc7 30. Rd5 1-0

[Event "EU-ch (Women) 9th"]
[Site "Plovdiv"]
[Date "2008.04.30"]
[Round "9"]
[White "Calzetta Ruiz, Monica"]
[Black "Bensdorp, Laura"]
[Result "1/2-1/2"]
[WhiteElo "2264"]
[BlackElo "2085"]
[PlyCount "112"]
[EventDate "2008.04.21"]
[EventType "swiss"]
[EventRounds "11"]
[EventCountry "BUL"]
[SourceTitle "CBM 123 Extra"]
[Source "ChessBase"]
[SourceDate "2008.05.06"]
[SourceVersion "1"]
[SourceVersionDate "2008.05.06"]
[SourceQuality "1"]

1. e4 c5 2. Nf3 d6 3. d4 cxd4 4. Nxd4 Nf6 5. Nc3 Nc6 6. Bg5 e6 7. Qd2 a6 8. 0-0-0 Bd7 9. f3 Be7 10. h4 h6 11. Be3 h5 12. Kb1 Qc7 13. Bg5 Ne5 14. Bd3 b5 15. Rhe1 Qb6 16. Bf1 b4 17. Nce2 Nc4 18. Qc1 Rc8 19. Ng3 g6 20. Bxc4 Rxc4 21. Qd2 e5 22. Nde2 Rc6 23. Nf1 Be6 24. Ne3 a5 25. Nd5 Bxd5 26. exd5 Rc7 27. Ng3 0-0 28. Re2 Qb7 29. Ne4 Nxe4 30. fxe4 Rc4 31. Rf1 Qd7 32. Bxe7 Qxe7 33. g4 Qxh4 34. gxh5 Rd4 35. Qe3 Qxh5 36. a3 f5 37. exf5 Rxf5 38. Rxf5 Qxf5 39. axb4 axb4 40. Rf2 Rd1+ 41. Ka2 Qc8 42. Qa7 Qe8 43. Kb3 Rd4 44. Rf6 Rxd5 45. Rxg6+ Qxg6 46. Qa8+ Kg7 47. Qxd5 Qf7 48. Qxf7+ Kxf7 49. Kxb4 Ke6 50. c4 Kd7 51. Kc3 Kc6 52. b4 Kb6 53. Kd3 Kc7 54. Ke3 Kb6 55. Ke4 Kc6 56. Kd3 Kc7 1/2-1/2

[Event "EU-ch (Women) 9th"]
[Site "Plovdiv"]
[Date "2008.04.27"]
[Round "7"]
[White "Bensdorp, Laura"]
[Black "Milovic, Aleksandra"]
[Result "1-0"]
[WhiteElo "2085"]
[BlackElo "2222"]
[PlyCount "51"]
[EventDate "2008.04.21"]
[EventType "swiss"]
[EventRounds "11"]
[EventCountry "BUL"]
[SourceTitle "CBM 123 Extra"]
[Source "ChessBase"]
[SourceDate "2008.05.06"]
[SourceVersion "1"]
[SourceVersionDate "2008.05.06"]
[SourceQuality "1"]

1. e4 c5 2. Nf3 e6 3. d4 cxd4 4. Nxd4 Nf6 5. Nc3 d6 6. Qf3 Nc6 7. Nxc6 bxc6 8. e5 Nd5 9. exd6 Bxd6 10. Ne4 Be7 11. Bc4 0-0 12. 0-0 Qb6 13. b3 f5 14. Ng3 Bf6 15. Ba3 Rd8 16. Rad1 Qa5 17. b4 Qb6 18. Ne2 Kh8 19. Nf4 Nxf4 20. Rxd8+ Qxd8 21. Qxf4 e5 22. Qf3 e4 23. Qh5 Qe7 24. b5 c5 25. Bxc5 Qe5 26. Bd6 1-0

[Event "EU-ch (Women) 9th"]
[Site "Plovdiv"]
[Date "2008.04.24"]
[Round "4"]
[White "Bensdorp, Laura"]
[Black "Raeva, Elitsa"]
[Result "0-1"]
[WhiteElo "2085"]
[BlackElo "2258"]
[PlyCount "88"]
[EventDate "2008.04.21"]
[EventType "swiss"]
[EventRounds "11"]
[EventCountry "BUL"]
[SourceTitle "CBM 123 Extra"]
[Source "ChessBase"]
[SourceDate "2008.05.06"]
[SourceVersion "1"]
[SourceVersionDate "2008.05.06"]
[SourceQuality "1"]

1. e4 c5 2. Nf3 a6 3. c4 e6 4. Nc3 Nc6 5. d4 cxd4 6. Nxd4 Qc7 7. Be3 Nf6 8. Nxc6 bxc6 9. Bd3 Rb8 10. Rb1 Be7 11. 0-0 d5 12. cxd5 exd5 13. h3 0-0 14. exd5 cxd5 15. Bd4 Be6 16. Qf3 Rfd8 17. Rfe1 Qd7 18. Bc2 Rb4 19. Ne2 Ne4 20. a3 Rc4 21. Bd3 Rc6 22. Ng3 f5 23. Qe2 Bh4 24. Nh5 g6 25. Nf4 Bf7 26. g3 Bg5 27. Bxa6 Bxf4 28. gxf4 Re6 29. Be5 g5 30. f3 gxf4 31. fxe4 fxe4 32. Bxf4 Qa7+ 33. Kh2 Rxa6 34. Rg1+ Rg6 35. Rbf1 Qb7 36. Qf2 d4 37. Be5 e3 38. Qf6 Qxb2+ 39. Kh1 Bd5+ 40. Rf3 Bxf3+ 41. Qxf3 Rxg1+ 42. Kxg1 Qf2+ 43. Qxf2 exf2+ 44. Kxf2 d3 0-1

[Event "EU-ch (Women) 9th"]
[Site "Plovdiv"]
[Date "2008.04.22"]
[Round "2"]
[White "Bensdorp, Laura"]
[Black "Velcheva, Maria"]
[Result "1-0"]
[WhiteElo "2085"]
[BlackElo "2262"]
[PlyCount "89"]
[EventDate "2008.04.21"]
[EventType "swiss"]
[EventRounds "11"]
[EventCountry "BUL"]
[SourceTitle "CBM 123 Extra"]
[Source "ChessBase"]
[SourceDate "2008.05.06"]
[SourceVersion "1"]
[SourceVersionDate "2008.05.06"]
[SourceQuality "1"]

1. e4 c5 2. Nf3 e6 3. d4 cxd4 4. Nxd4 Nf6 5. Nc3 Nc6 6. Bg5 Be7 7. Qd2 0-0 8. f4 d5 9. e5 Nd7 10. Bxe7 Qxe7 11. 0-0-0 f6 12. exf6 Qxf6 13. g3 Nb6 14. Nf3 Bd7 15. Be2 Rac8 16. Kb1 Be8 17. a3 Bg6 18. Nh4 d4 19. Na2 Be4 20. Rhe1 Rfd8 21. Bd3 Bd5 22. Qe2 Re8 23. Nf3 Bxf3 24. Qxf3 Nd5 25. Qe4 g6 26. Rd2 Ne3 27. Nb4 Nxb4 28. axb4 Nd5 29. Bb5 Re7 30. Rxd4 Rcc7 31. Ba4 Kg7 32. Bb3 Rcd7 33. Red1 b5 34. Qe2 a6 35. Qf3 Nb6 36. Rxd7 Nxd7 37. Qc6 e5 38. Rd6 Qf5 39. Be6 Nb8 40. Qd5 Qf6 41. fxe5 Qf1+ 42. Ka2 Qe2 43. Qc5 Re8 44. Rb6 Kh6 45. Qd4 1-0

[Event "NED-ch (Women)"]
[Site "Hilversum"]
[Date "2008.04.10"]
[Round "6"]
[White "Bensdorp, Laura"]
[Black "Lanchava, Tea"]
[Result "0-1"]
[WhiteElo "2085"]
[BlackElo "2365"]
[PlyCount "122"]
[EventDate "2008.04.04"]
[EventType "tourn"]
[EventRounds "9"]
[EventCountry "NED"]
[SourceTitle "CBM 123 Extra"]
[Source "ChessBase"]
[SourceDate "2008.05.06"]
[SourceVersion "1"]
[SourceVersionDate "2008.05.06"]
[SourceQuality "1"]

1. e4 g6 2. d4 Bg7 3. Nc3 c6 4. Nf3 d6 5. Be3 Nd7 6. a4 Ngf6 7. h3 0-0 8. Bd3 e5 9. 0-0 Qe7 10. dxe5 dxe5 11. Nd2 Nc5 12. Bc4 Rd8 13. Bxc5 Qxc5 14. Nb3 Qe7 15. Qe2 Nh5 16. Rfd1 Bd7 17. Qe3 Bf8 18. Ne2 b6 19. Rd3 Nf6 20. Rdd1 Qb4 21. Nd2 b5 22. Bb3 a6 23. c3 Qe7 24. axb5 cxb5 25. Nf1 a5 26. Bc2 a4 27. Qf3 Bc6 28. Ne3 Ne8 29. Ng3 f5 30. Ne2 Nf6 31. Nd5 Bxd5 32. exd5 e4 33. Qg3 Nxd5 34. Nd4 Qd7 35. Qg5 Be7 36. Qd2 Rac8 37. Qe2 Rc5 38. Bb1 Kh8 39. Ba2 Bf6 40. Nc2 Qc7 41. Bxd5 Rcxd5 42. Rxd5 Rxd5 43. Nb4 Re5 44. Rd1 Bg5 45. Kh1 a3 46. bxa3 Qxc3 47. Nd5 Qb3 48. Nb4 Qxa3 49. Nc2 Qc3 50. Nd4 Qc4 51. Qb2 Bf6 52. Rc1 Qd3 53. Qb4 Be7 54. Qb2 Ba3 55. Rc8+ Kg7 56. Qa1 Kh6 57. Rd8 e3 58. f4 Rc5 59. Kh2 Rc1 60. Qa2 Qe4 61. Ne6 Rc2 0-1

[Event "NED-ch (Women)"]
[Site "Hilversum"]
[Date "2008.04.09"]
[Round "5"]
[White "Munnik, Talitha"]
[Black "Bensdorp, Laura"]
[Result "1-0"]
[WhiteElo "2002"]
[BlackElo "2085"]
[PlyCount "79"]
[EventDate "2008.04.04"]
[EventType "tourn"]
[EventRounds "9"]
[EventCountry "NED"]
[SourceTitle "CBM 123 Extra"]
[Source "ChessBase"]
[SourceDate "2008.05.06"]
[SourceVersion "1"]
[SourceVersionDate "2008.05.06"]
[SourceQuality "1"]

1. e4 c5 2. Nf3 d6 3. d4 cxd4 4. Nxd4 Nf6 5. f3 e5 6. Nb3 Be7 7. c4 a5 8. Be3 a4 9. N3d2 Qa5 10. Na3 0-0 11. Bd3 Na6 12. 0-0 Nc5 13. Be2 Bd7 14. Ndb1 h6 15. Nc3 Rfd8 16. Qe1 Rdc8 17. Rd1 Be6 18. Nab5 Ra6 19. Rd2 Qb4 20. Qf2 Ncd7 21. Na3 Raa8 22. Rfd1 Ne8 23. Bf1 Bd8 24. Nd5 Bxd5 25. Rxd5 Nc5 26. Nb5 Qa5 27. Nxd6 Nxd6 28. Bxc5 Ne8 29. Be7 Bb6 30. c5 Ba7 31. Rxe5 Qc7 32. Qd4 Kh7 33. Bc4 f6 34. Qd5 Qxe5 35. Qg8+ Kg6 36. Bf7+ Kg5 37. g3 Bxc5+ 38. Kh1 Qxe4 39. fxe4 Bxe7 40. Qh7 1-0

[Event "NED-ch (Women)"]
[Site "Hilversum"]
[Date "2008.04.06"]
[Round "3"]
[White "Peng, Zhaoqin"]
[Black "Bensdorp, Laura"]
[Result "1/2-1/2"]
[WhiteElo "2465"]
[BlackElo "2085"]
[PlyCount "124"]
[EventDate "2008.04.04"]
[EventType "tourn"]
[EventRounds "9"]
[EventCountry "NED"]
[SourceTitle "CBM 123 Extra"]
[Source "ChessBase"]
[SourceDate "2008.05.06"]
[SourceVersion "1"]
[SourceVersionDate "2008.05.06"]
[SourceQuality "1"]

1. d4 f5 2. c4 Nf6 3. Nf3 g6 4. g3 Bg7 5. Bg2 0-0 6. 0-0 d6 7. Nc3 Qe8 8. b3 Na6 9. Ba3 c6 10. Rc1 Nc7 11. d5 c5 12. Bb2 h6 13. Qc2 Qf7 14. e3 g5 15. Rce1 Qg6 16. Nd2 Qh5 17. f4 Bd7 18. Nd1 Rf7 19. Nf2 Nce8 20. h3 gxf4 21. exf4 Qg6 22. Kh2 Rb8 23. a4 Nh5 24. Nh1 Bxb2 25. Qxb2 Nef6 26. Nf3 Qg7 27. Qc2 Ne4 28. Rg1 Kh8 29. Nh4 Nexg3 30. Bf3 Qf6 31. Bxh5 Nxh5 32. Ng6+ Kh7 33. Qe2 Rg8 34. Qxh5 Rxg6 35. Rxg6 Qxg6 36. Qf3 Rg7 37. Ng3 Qf7 38. Qe2 Be8 39. Qd3 Bd7 40. Re3 b6 41. Qd1 Qg6 42. Qe1 Qf7 43. a5 b5 44. Qe2 Be8 45. cxb5 Qxd5 46. Rxe7 Bf7 47. b6 axb6 48. a6 b5 49. a7 c4 50. bxc4 bxc4 51. Rc7 Qa5 52. Qb2 c3 53. Qxc3 Qxc3 54. Rxc3 Bd5 55. Rd3 Ba8 56. Rxd6 h5 57. h4 Rxa7 58. Nxh5 Ra2+ 59. Kh3 Ra3+ 60. Ng3 Rf3 61. Rd7+ Kh6 62. Rd6+ Kh7 1/2-1/2

[Event "NED-ch sf (Women)"]
[Site "Hilversum"]
[Date "2008.01.05"]
[Round "1.1"]
[White "Groot, Marjoke"]
[Black "Bensdorp, Laura"]
[Result "0-1"]
[WhiteElo "1950"]
[BlackElo "2098"]
[PlyCount "72"]
[EventDate "2008.01.05"]
[EventType "k.o."]
[EventRounds "3"]
[EventCountry "NED"]
[SourceTitle "CBM 122 Extra"]
[Source "ChessBase"]
[SourceDate "2008.03.04"]
[SourceVersion "1"]
[SourceVersionDate "2008.03.04"]
[SourceQuality "1"]

1. e4 c5 2. Nc3 Nc6 3. g3 g6 4. Bg2 Bg7 5. d3 d6 6. Be3 Rb8 7. Qd2 b5 8. Nge2 b4 9. Nd1 Qb6 10. f4 Nh6 11. h3 f5 12. 0-0 0-0 13. Re1 e6 14. c3 bxc3 15. bxc3 Rd8 16. d4 Na5 17. Bf2 Nc4 18. Qc2 Qa5 19. Ne3 Na3 20. Qc1 fxe4 21. Bxe4 d5 22. Bd3 c4 23. Bc2 Bd7 24. Qd2 Rb2 25. Rec1 Ba4 26. Qd1 Nxc2 27. Nxc2 Nf7 28. Rab1 Rdb8 29. f5 exf5 30. Nf4 Ng5 31. Rxb2 Rxb2 32. Qe1 Ne4 33. Nb4 Rxf2 34. Nfxd5 g5 35. Ne7+ Kf7 36. Nxf5 Qxf5 0-1

[Event "EU-Cup (Women) 12th"]
[Site "Kemer"]
[Date "2007.10.05"]
[Round "3.3"]
[White "Tikir, Hazal"]
[Black "Bensdorp, Laura"]
[Result "0-1"]
[WhiteElo "1721"]
[BlackElo "2121"]
[PlyCount "62"]
[EventDate "2007.10.03"]
[EventType "team-swiss"]
[EventRounds "7"]
[EventCountry "TUR"]
[SourceTitle "EXT 2013"]
[Source "ChessBase"]
[SourceDate "2012.11.22"]
[SourceVersion "1"]
[SourceVersionDate "2012.11.22"]
[SourceQuality "1"]
[WhiteTeam "Tarsus Zeka (W)"]
[BlackTeam "Utrecht (W)"]
[WhiteTeamCountry "TUR"]
[BlackTeamCountry "NED"]

1. e4 c5 2. d4 cxd4 3. c3 dxc3 4. Nxc3 Nc6 5. Nf3 e6 6. Bf4 a6 7. Bc4 Nge7 8. e5 Ng6 9. Bg3 Qa5 10. Qe2 Be7 11. 0-0 0-0 12. Rfd1 b5 13. Bb3 b4 14. Na4 f5 15. exf6 Rxf6 16. Rac1 Nf8 17. Qe3 Bb7 18. Nc5 Bxc5 19. Rxc5 Qb6 20. Bd6 Ng6 21. Ng5 h6 22. Ne4 Rf7 23. Qg3 Nf8 24. Bc7 Qa7 25. Bf4 Ne7 26. Rc7 Nf5 27. Qd3 Qb6 28. Nc5 Bc6 29. h3 Qxc5 30. Rc1 Qd4 31. Qxd4 Nxd4 0-1

[Event "Dieren op"]
[Site "Dieren"]
[Date "2007.08.02"]
[Round "9"]
[White "Bensdorp, Laura"]
[Black "Ten Hertog, Hugo"]
[Result "1-0"]
[WhiteElo "2119"]
[BlackElo "2084"]
[PlyCount "63"]
[EventDate "2007.07.24"]
[EventType "swiss"]
[EventRounds "9"]
[EventCountry "NED"]
[SourceTitle "CBM 119 Extra"]
[Source "ChessBase"]
[SourceDate "2007.09.04"]
[SourceVersion "1"]
[SourceVersionDate "2007.09.04"]
[SourceQuality "1"]

1. e4 c5 2. Nf3 d6 3. d4 cxd4 4. Nxd4 Nf6 5. Nc3 a6 6. Bg5 e6 7. f4 Be7 8. Qf3 Qc7 9. 0-0-0 Nbd7 10. Bd3 b5 11. Rhe1 Bb7 12. Qg3 h6 13. Bxf6 gxf6 14. Qg7 Rf8 15. f5 e5 16. Nb3 b4 17. Nd5 Bxd5 18. exd5 a5 19. Bb5 a4 20. Nd4 a3 21. b3 Qc3 22. Ne2 Qc5 23. Bc6 Rc8 24. Rd3 Kd8 25. Ng3 Qf2 26. Re2 Qf4+ 27. Rdd2 Nc5 28. Rf2 Qe3 29. Rf3 Qg1+ 30. Rd1 Qxg2 31. Qg4 Rb8 32. Rdf1 1-0

[Event "Dieren op"]
[Site "Dieren"]
[Date "2007.07.31"]
[Round "7"]
[White "Bensdorp, Laura"]
[Black "Suhbat, Orgilbold"]
[Result "1-0"]
[WhiteElo "2119"]
[BlackElo "2027"]
[PlyCount "89"]
[EventDate "2007.07.24"]
[EventType "swiss"]
[EventRounds "9"]
[EventCountry "NED"]
[SourceTitle "CBM 119 Extra"]
[Source "ChessBase"]
[SourceDate "2007.09.04"]
[SourceVersion "1"]
[SourceVersionDate "2007.09.04"]
[SourceQuality "1"]

1. e4 c5 2. Nf3 Nc6 3. d4 cxd4 4. Nxd4 Nf6 5. Nc3 d6 6. Bc4 e5 7. Nf5 Bxf5 8. exf5 Nd4 9. Bg5 Be7 10. Bxf6 Bxf6 11. 0-0 0-0 12. Nd5 Bg5 13. Bd3 g6 14. Qg4 Kh8 15. c3 Nc6 16. Be4 Rg8 17. Rad1 Rg7 18. Rd3 gxf5 19. Qxf5 Ne7 20. Nxe7 Qxe7 21. Rfd1 Bf4 22. g3 Rd8 23. Kh1 Bh6 24. Rf3 Kg8 25. Qf6 Bg5 26. Qf5 Qd7 27. b3 Qc7 28. c4 Re8 29. Bd5 a6 30. h4 e4 31. Re1 Re5 32. Rxe4 Bd2 33. Rxe5 dxe5 34. Qe4 b5 35. Rf6 Bb4 36. Rxa6 bxc4 37. Bxc4 Be7 38. Ra8+ Bf8 39. a4 h5 40. Ra6 Qc5 41. Kg2 Qe7 42. a5 Rg4 43. Rg6+ Bg7 44. Rxg4 hxg4 45. a6 1-0

[Event "Dieren op"]
[Site "Dieren"]
[Date "2007.07.26"]
[Round "3"]
[White "Bensdorp, Laura"]
[Black "Sengupta, Deep"]
[Result "0-1"]
[WhiteElo "2119"]
[BlackElo "2435"]
[PlyCount "100"]
[EventDate "2007.07.24"]
[EventType "swiss"]
[EventRounds "9"]
[EventCountry "NED"]
[SourceTitle "CBM 119 Extra"]
[Source "ChessBase"]
[SourceDate "2007.09.04"]
[SourceVersion "1"]
[SourceVersionDate "2007.09.04"]
[SourceQuality "1"]

1. e4 e6 2. d4 d5 3. Nc3 Bb4 4. e5 Ne7 5. Nf3 b6 6. a3 Bxc3+ 7. bxc3 Ba6 8. Bxa6 Nxa6 9. Qd3 Nb8 10. 0-0 c5 11. a4 Nd7 12. c4 Rc8 13. cxd5 c4 14. Qe2 Nxd5 15. Nd2 c3 16. Ne4 0-0 17. Ba3 Re8 18. Nd6 Nb8 19. Qf3 Qd7 20. Rfe1 Red8 21. Re4 Rc7 22. Bc1 f5 23. Rh4 Nc6 24. Bg5 Rf8 25. Qh5 g6 26. Qe2 Na5 27. Rh3 Nc6 28. Rh4 Na5 29. Rh3 Rc6 30. Bh6 Rfc8 31. Nxc8 Rxc8 32. g4 Nc6 33. Rd1 fxg4 34. Qxg4 Nce7 35. Rf3 Nf5 36. Rxf5 exf5 37. Qe2 Kf7 38. Re1 Ke6 39. Ra1 Qc6 40. Be3 Qc4 41. Qf3 Rf8 42. Qh3 Rf7 43. a5 b5 44. a6 Qc7 45. Rb1 b4 46. Ra1 Qb6 47. f4 Rd7 48. Bf2 Qb5 49. Qf3 Rc7 50. Kg2 Rc6 0-1

[Event "Dieren op"]
[Site "Dieren"]
[Date "2006.08.02"]
[Round "8"]
[White "Sijbesma, Rienk"]
[Black "Bensdorp, Laura"]
[Result "1/2-1/2"]
[WhiteElo "2262"]
[BlackElo "2113"]
[PlyCount "66"]
[EventDate "2006.07.25"]
[EventType "swiss"]
[EventRounds "9"]
[EventCountry "NED"]
[SourceTitle "CBM 113 Extra"]
[Source "ChessBase"]
[SourceDate "2006.09.14"]
[SourceVersion "1"]
[SourceVersionDate "2006.09.14"]
[SourceQuality "1"]

1. d4 d5 2. g3 Nf6 3. Bg2 c6 4. Nf3 Bf5 5. 0-0 h6 6. c4 e6 7. Nc3 Be7 8. Qb3 Qb6 9. Qxb6 axb6 10. cxd5 exd5 11. Bf4 Nbd7 12. Ne5 Nxe5 13. Bxe5 0-0 14. f3 Nd7 15. Bf4 Bb4 16. Bd2 Bxc3 17. Bxc3 b5 18. e4 Be6 19. a3 Nb6 20. Rf2 Rfe8 21. e5 Nc4 22. Re1 f5 23. Bf1 Rf8 24. f4 g6 25. Bd3 Kg7 26. Kg2 h5 27. Bb4 Rfe8 28. Kf3 Nb6 29. Rc1 Nd7 30. h3 Kf7 31. Kg2 Kg7 32. Rcf1 Rh8 33. h4 Kf7 1/2-1/2

[Event "Dieren op"]
[Site "Dieren"]
[Date "2006.08.01"]
[Round "7"]
[White "Nederlof, Jesper"]
[Black "Bensdorp, Laura"]
[Result "1-0"]
[WhiteElo "1941"]
[BlackElo "2113"]
[PlyCount "91"]
[EventDate "2006.07.25"]
[EventType "swiss"]
[EventRounds "9"]
[EventCountry "NED"]
[SourceTitle "CBM 113 Extra"]
[Source "ChessBase"]
[SourceDate "2006.09.14"]
[SourceVersion "1"]
[SourceVersionDate "2006.09.14"]
[SourceQuality "1"]

1. d4 d5 2. Nc3 Nf6 3. Bg5 c5 4. Bxf6 gxf6 5. e4 dxe4 6. dxc5 f5 7. Qh5 Bg7 8. Bc4 e6 9. Nge2 a6 10. Rd1 Qe7 11. Na4 Nd7 12. Nf4 0-0 13. g4 fxg4 14. Qxg4 Ne5 15. Qg3 Kh8 16. Be2 Bd7 17. Nh5 f6 18. Qxg7+ Qxg7 19. Nxg7 Kxg7 20. Nb6 Rad8 21. Nxd7 Nxd7 22. c6 bxc6 23. Bxa6 Ne5 24. Rxd8 Rxd8 25. Be2 f5 26. a4 Ra8 27. b3 Kf6 28. Kd2 f4 29. h3 f3 30. Bf1 h5 31. Kc3 Nd7 32. Bc4 Ke5 33. Rg1 Nf6 34. Rg7 Kf4 35. Rg6 Kf5 36. Rg7 e3 37. fxe3 Ne4+ 38. Kb4 f2 39. Rf7+ Ke5 40. Rf4 Rb8+ 41. Ka3 Nd6 42. Bd3 Rg8 43. a5 c5 44. Rxf2 Rg1 45. Kb2 Rg8 46. Rf4 1-0

[Event "Dieren op"]
[Site "Dieren"]
[Date "2006.07.26"]
[Round "2"]
[White "Bensdorp, Laura"]
[Black "Sprangers, Remco"]
[Result "1-0"]
[WhiteElo "2113"]
[BlackElo "2182"]
[PlyCount "45"]
[EventDate "2006.07.25"]
[EventType "swiss"]
[EventRounds "9"]
[EventCountry "NED"]
[SourceTitle "CBM 113 Extra"]
[Source "ChessBase"]
[SourceDate "2006.09.14"]
[SourceVersion "1"]
[SourceVersionDate "2006.09.14"]
[SourceQuality "1"]

1. e4 c5 2. Nf3 d6 3. d4 cxd4 4. Nxd4 Nf6 5. Nc3 a6 6. Be2 e5 7. Nb3 Be7 8. Bg5 Nbd7 9. a4 h6 10. Bh4 b6 11. Bc4 Qc7 12. Qe2 Bb7 13. Bxf6 Nxf6 14. 0-0 0-0 15. Rfd1 Rfc8 16. Nd2 Qc5 17. Bb3 Re8 18. Nf1 b5 19. Nd5 Nd7 20. Nfe3 Nf8 21. Nf5 Bd8 22. Qg4 Ng6 23. Nde7+ 1-0